000 00905nam a2200265 a 4500
001 68046
003 BD-RjUL
005 20211209081727.0
008 170330s1981 enka b 101 0 eng d
020 _a0272796506
035 _a(BD-RjUL)68255
040 _aBNB
_beng
_cBNB
_dD2035
_dBD-RjUL
041 _aeng
082 1 4 _a571.86
_223
_bFET 1981
245 1 4 _aThe Fetus and independent life
260 _aLondon :
_bPitman,
_c1981.
300 _aix, 372 p. :
_bill. ;
_c24 cm.
500 _aMammals. Foetuses. Development. - Conference proceedings (BNB/PRECIS)
500 _a"Symposium on the fetus and independent life, held at the Ciba Foundation, London, 31 March-2 April 1981"-p.v.
504 _aIncludes bibliographies and index.
650 0 _aEmbryology
_xCongresses.
_9201699
650 0 _aMammals
_xCongresses.
_9201700
700 _aCIBA Foundation Symposium 86
_9201701
942 _2ddc
_cBK
999 _c68046
_d68046